[Event "DEN-ch Seniors 50+"]
[Site "Odder"]
[Date "2019.02.16"]
[Round "6"]
[White "Friis, Henrik"]
[Black "Poulsen, Knud"]
[Result "1-0"]
[WhiteElo "1781"]
[BlackElo "1747"]
[PlyCount "65"]
[EventDate "2019.02.11"]
[EventType "swiss"]
[EventRounds "7"]
[EventCountry "DEN"]
[SourceTitle "CBM 189 Extra"]
[Source "ChessBase"]
[SourceDate "2019.06.03"]
[SourceVersion "1"]
[SourceVersionDate "2019.06.03"]
[SourceQuality "1"]

1. Nf3 Nf6 2. g3 Nc6 3. Bg2 d5 4. 0-0 Bg4 5. d3 e5 6. h3 Bf5 7. c3 Qd7 8. Kh2 h6 9. Re1 0-0-0 10. Qa4 Bc5 11. e3 e4 12. dxe4 Nxe4 13. Rf1 g5 14. Nd4 Bxd4 15. cxd4 Qd6 16. Nc3 Kb8 17. Nxe4 dxe4 18. Bd2 Bg6 19. Rfc1 Qf6 20. Kg1 Rd5 21. Rc2 Rhd8 22. Rac1 R8d6 23. b4 Bf5 24. b5 Rxd4 25. exd4 Nxd4 26. Be3 a6 27. bxa6 Bd7 28. Qb4 b6 29. Bxd4 Rxd4 30. Qf8+ Ka7 31. Rxc7+ Kxa6 32. Bf1+ Ka5 33. Ra7# 1-0

[Event "DEN-ch Seniors 50+"]
[Site "Odder"]
[Date "2019.02.13"]
[Round "3"]
[White "Friis, Henrik"]
[Black "David, Anton"]
[Result "1/2-1/2"]
[WhiteElo "1781"]
[BlackElo "1820"]
[PlyCount "67"]
[EventDate "2019.02.11"]
[EventType "swiss"]
[EventRounds "7"]
[EventCountry "DEN"]
[SourceTitle "CBM 189 Extra"]
[Source "ChessBase"]
[SourceDate "2019.06.03"]
[SourceVersion "1"]
[SourceVersionDate "2019.06.03"]
[SourceQuality "1"]

1. Nf3 d5 2. g3 b6 3. Bg2 Bb7 4. 0-0 Nf6 5. d4 e6 6. a4 Nbd7 7. Nbd2 c5 8. c3 Be7 9. Re1 0-0 10. b3 Re8 11. Bb2 cxd4 12. Nxd4 Bf8 13. c4 Qb8 14. cxd5 Nxd5 15. e4 Nb4 16. Nc4 Nc5 17. Bc3 Nc6 18. Nxc6 Bxc6 19. Ne5 Bb7 20. Qf3 f5 21. Qh5 Qc7 22. Rac1 g6 23. Nxg6 hxg6 24. Qxg6+ Bg7 25. exf5 Qf7 26. Qg4 exf5 27. Rxe8+ Rxe8 28. Qg5 Bxg2 29. Kxg2 Ne6 30. Qd2 Bxc3 31. Qxc3 Nc5 32. b4 Qb7+ 33. Kg1 Ne6 34. Qf6 1/2-1/2